000 00766nam0a22002291 4500
001 rc\2744933
005 20250529142633.0
035 _a(NLR Aleph) 006872016
090 _a6957377
_c6957377
100 _a20110915d1939 |||y0rusy50 ca
101 0 _arus
102 _aRU
105 _aa z |||||
200 1 _aПравила прогноза синоптических процессов
_e(На ооснове теории экстраполяции)
_fВ. И. Бушук
_gЦентр. ин-т погоды
210 _aМосква
_cГидрометеоиздат
_d1939
215 _a20 с.
_cчерт.
_d19 см.
700 1 _aБушук
_bВ.И.
801 0 _aRU
_bNLR
_gpsbo
801 1 _aRU
_bELAR
_2rusmarc
852 _aNLR
_j39-10/618
942 _cBOOK
980 _aNB